[Event "Obera op"]
[Site "Obera"]
[Date "2023.02.03"]
[Round "1"]
[White "Barrera Caicedo, Hubert Steven"]
[Black "Velazquez, Tobias Natahel"]
[Result "1-0"]
[WhiteElo "1908"]
[BlackElo "1205"]
[PlyCount "81"]
[EventDate "2023.02.03"]
[EventType "swiss"]
[EventRounds "6"]
[EventCountry "ARG"]
[SourceTitle "CBM 212 Extra"]
[Source "ChessBase"]
[SourceDate "2023.03.31"]
[SourceVersion "1"]
[SourceVersionDate "2023.03.31"]
[SourceQuality "1"]

1. d4 d5 2. c4 g6 3. cxd5 Qxd5 4. Nc3 Qa5 5. e4 Bg7 6. Nf3 e6 7. Be2 Ne7 8. 0-0 0-0 9. Be3 c5 10. dxc5 Rd8 11. Qc2 Nbc6 12. a3 Nd4 13. Nxd4 Bxd4 14. b4 Qc7 15. Nb5 Qe5 16. Rad1 Nc6 17. Bxd4 Nxd4 18. Rxd4 Rxd4 19. Nxd4 Qxd4 20. Rd1 Qf6 21. Qd2 Kg7 22. Qd4 e5 23. Qd8 Qf4 24. Bf3 a6 25. h3 Rb8 26. Qc7 Ra8 27. Rd8 Qc1+ 28. Bd1 Qxa3 29. Qxe5+ f6 30. Qe7+ Kh6 31. Qf8+ Kg5 32. f4+ Kxf4 33. Qxf6+ Bf5 34. Qh4+ Ke5 35. Rxa8 Bxe4 36. Re8+ Kf5 37. Qxe4+ Kg5 38. Qe3+ Qxe3+ 39. Rxe3 Kf4 40. Re7 h5 41. Bf3 1-0

[Event "Puerto Iguazu Cataratas Cup"]
[Site "Puerto Iguazu"]
[Date "2022.08.13"]
[Round "3"]
[White "Velazquez, Tobias Natahel"]
[Black "Gatelli, Jacson Henrique"]
[Result "0-1"]
[WhiteElo "1239"]
[BlackElo "1819"]
[PlyCount "66"]
[EventDate "2022.08.13"]
[EventType "swiss"]
[EventRounds "6"]
[EventCountry "ARG"]
[SourceTitle "CBM 209 Extra"]
[Source "ChessBase"]
[SourceDate "2022.09.30"]
[SourceVersion "1"]
[SourceVersionDate "2022.09.30"]
[SourceQuality "1"]

1. e4 e5 2. c4 Nf6 3. d3 Nc6 4. Be2 Bc5 5. Nf3 d6 6. 0-0 h6 7. Nc3 0-0 8. Nd5 Nxd5 9. cxd5 Ne7 10. Bd2 f5 11. b4 Bb6 12. Bc3 a6 13. exf5 Nxf5 14. Ne1 Qg5 15. Nf3 Qe7 16. Re1 Nh4 17. d4 e4 18. Nxh4 Qxh4 19. g3 Qf6 20. Rf1 Bh3 21. a4 Bxf1 22. Qxf1 Bxd4 23. Bxd4 Qxd4 24. b5 axb5 25. Bxb5 Rf6 26. Bd7 Raf8 27. Be6+ Kh8 28. Ra2 e3 29. h4 Rxf2 30. Rxf2 Rxf2 31. Qe1 e2 32. Bh3 Rf1+ 33. Kh2 Qg1# 0-1